banner-ar

FROM COLD WAR TO COLLAPSE : (Record no. 4638)

MARC details
000 -الفاتح
حقل البيانات ثابتة الطول 00665nam a2200217Ia 4500
008 - عناصر البيانات ثابتة الطول - معلومات عامة
حقل البيانات ثابتة الطول 140319s9999 xx 000 0 eng d
020 ## - الرقم الدولى المعيارى للكتب
الرقم الدولى المعيارى للكتاب 052142612X
040 ## - مصدر الفهرسة
وكالة الفهرسة الأصلية GCL /
وكالة النسخ GCL
082 04 - رقم تصنيف ديوى العشرى
رقم التصنيف 327.0904
رقم المادة B F
100 1# - المدخل الرئيسى - إسم شخصى
الإسم الشخصى BOWKER, MIKE
245 10 - بيان العنوان
العنوان FROM COLD WAR TO COLLAPSE :
بقية العنوان THEORY AND WORLD POLITICS IN 1980 'S /
بيان المسئوليه,etc BOWKER, MIKE
700 1# - المدخل الاضافى - اسم شخصى
الإسم الشخصى BROWN, ROBIN
260 ## - PUBLICATION, DISTRIBUTION, ETC. (IMPRINT)
تاريخ النشر أو التوزيع 1992
300 ## - الوصف المادى
التعداد 83 CM ؛
أبعاد الوعاء X1, 183 P
490 ## - بيان السلسلة
عنوان السلسلة CAMBRIDGE STUDIES IN INTERNATIONAL RELATIONS
رقم المجلد/ التعيين التسلسلي 0
650 04 - المدخل الاضافى بالموضوع-مصطلح موضوعى
مصطلح موضوعي INTERNATIONAL RELATIONS
650 04 - المدخل الاضافى بالموضوع-مصطلح موضوعى
مصطلح موضوعي WORLD POLITICS - 1945
650 04 - المدخل الاضافى بالموضوع-مصطلح موضوعى
مصطلح موضوعي COLD WAR
942 ## - عناصر المدخل الإضافي( كوها)
مصدر التصنيف او مخطط الترفيف Dewey Decimal Classification
Koha [default] item type كتاب
260 ## - PUBLICATION, DISTRIBUTION, ETC. (IMPRINT)
-- انجلترا :
-- CAMBRIDGE UNIVERSITY PRESS ،
Holdings
حالة التراجع حالة الفقد حالة تلف ليس للاعارة المكان المؤقت الموقع الحالى تاريخ الاكتساب اجمالي اﻻعارات رقم الطلب الباركود تاريخ اخر مشاهدة تاريخ تفعيل السعر نوع وعاء كوها
        مكتبة القاهرة الكبرى مكتبة القاهرة الكبرى 03/26/2014   327.0904\B F 10470 03/26/2014 03/26/2014 كتاب

Powered By

EGPV